[Event "DEM U18 2014"]
[Site "Magdeburg GER"]
[Date "2014.06.14"]
[Round "9"]
[White "Humburg, Philipp"]
[Black "Galkin, Wladislaw"]
[Result "1/2-1/2"]
[Termination "normal"]
[Board "12"]
[WhiteElo "2102"]
[BlackElo "2109"]
[PlyCount "148"]
[WhiteFideId "24656151"]
[BlackFideId "4603192"]
[EventCountry "GER"]
[EventRounds "9"]
[EventType "swiss"]
[EventDate "2014.06.07"]

1. e4 e5 2. Nf3 Nc6 3. Bb5 a6 4. Ba4 Nf6 5. d3 b5 6. Bb3 Be7 7. O-O d6 8. c3
O-O 9. Re1 Na5 10. Bc2 c5 11. Nbd2 Qc7 12. Nf1 Nc6 13. h3 d5 14. exd5 Nxd5 15.
d4 exd4 16. cxd4 cxd4 17. Nxd4 Nxd4 18. Qxd4 Qxc2 19. Qxd5 Be6 20. Qb7 Bf6 21.
Ne3 Qg6 22. Nd5 Bxd5 23. Qxd5 Rfe8 24. Rf1 Qc2 25. a4 Rad8 26. Qf3 b4 27. a5
Re2 28. Be3 Bxb2 29. Rad1 Rf8 30. Bc5 Rfe8 31. Bxb4 Qc4 32. Bd6 Bf6 33. Rc1 Qb5
34. Bc7 h6 35. Bb6 R2e6 36. Rb1 Qa4 37. Qd3 Ra8 38. Rfc1 Qe8 39. g3 Qa4 40. Re1
Rxe1+ 41. Rxe1 Qc6 42. Kh2 h5 43. h4 g6 44. Rd1 Kg7 45. Rd2 Re8 46. Rd1 Ra8 47.
Re1 Qb7 48. Rb1 Qe7 49. Rc1 Be5 50. Qd5 Re8 51. Kg2 Qb4 52. Rc4 Qb3 53. Qe4 Bf6
54. Qc2 Qb5 55. Rc5 Qd7 56. Qc4 Qb7+ 57. Qd5 Qb8 58. Rc7 Re7 59. Rxe7 Bxe7 60.
Bd4+ f6 61. Kf3 Qb4 62. Kg2 Qd6 63. Qb7 Qxd4 64. Qxe7+ Kh6 65. Qf8+ Kh7 66.
Qe7+ Kh6 67. Qe6 Qd3 68. Qxf6 Qd5+ 69. Kh2 Qxa5 70. Qf8+ Kh7 71. Qf7+ Kh6 72.
Qf8+ Kh7 73. Qf7+ Kh6 74. Qf8+ Kh7 1/2-1/2

[Event "DEM U18 2014"]
[Site "Magdeburg GER"]
[Date "2014.06.14"]
[Round "9"]
[White "Brinkmann, Fabian"]
[Black "Weber, Daniel"]
[Result "1-0"]
[Termination "normal"]
[Board "13"]
[WhiteElo "1821"]
[BlackElo "2007"]
[PlyCount "65"]
[WhiteFideId "24661414"]
[BlackFideId "24615498"]
[EventCountry "GER"]
[EventRounds "9"]
[EventType "swiss"]
[EventDate "2014.06.07"]

1. e4 e6 2. d4 d5 3. Nc3 Nf6 4. Bg5 Bb4 5. e5 h6 6. Bd2 Bxc3 7. bxc3 Ne4 8. Qg4
Kf8 9. Bd3 Nxd2 10. Kxd2 c5 11. Nf3 Nc6 12. Qf4 Kg8 13. h4 Qa5 14. dxc5 Qxc5
15. Nd4 Nxd4 16. cxd4 Qa5+ 17. Ke3 b6 18. g4 Ba6 19. g5 Bxd3 20. cxd3 Rc8 21.
Rhc1 Rc3 22. Ke2 hxg5 23. Qxg5 g6 24. Rxc3 Qxc3 25. Rc1 Qb2+ 26. Kf1 Kh7 27. h5
Rg8 28. Rc7 Qb1+ 29. Ke2 Rg7 30. hxg6+ fxg6 31. Qh4+ Kg8 32. Rc8+ Kf7 33. Qf6#
1-0

[Event "DEM U18 2014"]
[Site "Magdeburg GER"]
[Date "2014.06.14"]
[Round "9"]
[White "Urban, Lars"]
[Black "Schreiber, Kevin"]
[Result "1-0"]
[Termination "normal"]
[Board "14"]
[WhiteElo "2119"]
[BlackElo "1958"]
[PlyCount "75"]
[WhiteFideId "4644034"]
[BlackFideId "24655830"]
[EventCountry "GER"]
[EventRounds "9"]
[EventType "swiss"]
[EventDate "2014.06.07"]

1. d4 Nf6 2. c4 d6 3. Nc3 Nbd7 4. e4 e5 5. Nge2 Be7 6. f3 c6 7. Be3 a6 8. a4 a5
9. Qd2 O-O 10. g4 Ne8 11. O-O-O Nc7 12. d5 Na6 13. Ng3 Ndc5 14. Kb1 g6 15. h4
Qb6 16. h5 Qb3 17. Qc2 Nb4 18. Qxb3 Nxb3 19. c5 cxd5 20. cxd6 Bxd6 21. exd5 f5
22. Bh6 e4 23. hxg6 hxg6 24. Ngxe4 fxe4 25. Nxe4 Rxf3 26. Nxd6 Bxg4 27. Rg1 Rd8
28. Rxg4 Rxd6 29. Bc4 Kf7 30. Bf4 Rd7 31. d6+ Kf6 32. Rdg1 Kf5 33. Bh6 Rxd6 34.
Rg5+ Kf6 35. Rxg6+ Ke5 36. Bg7+ Rdf6 37. Bxf6+ Rxf6 38. Bxb3 1-0

[Event "DEM U18 2014"]
[Site "Magdeburg GER"]
[Date "2014.06.14"]
[Round "9"]
[White "Adiyaman, Rene"]
[Black "Holle, Cedric"]
[Result "0-1"]
[Termination "normal"]
[Board "15"]
[WhiteElo "1837"]
[BlackElo "1964"]
[PlyCount "72"]
[WhiteFideId "12910414"]
[BlackFideId "24692158"]
[EventCountry "GER"]
[EventRounds "9"]
[EventType "swiss"]
[EventDate "2014.06.07"]

1. e4 e6 2. d4 d5 3. Nd2 Be7 4. Ngf3 Nf6 5. e5 Nfd7 6. Bd3 c5 7. c3 b6 8. O-O
Ba6 9. Qe2 Qc8 10. c4 O-O 11. Re1 Nc6 12. a3 dxc4 13. Bxc4 Bxc4 14. Qxc4 cxd4
15. Nb3 Rd8 16. Bf4 b5 17. Qd3 Qb7 18. Rac1 Qb6 19. Qe4 Rac8 20. Nbxd4 Nxd4 21.
Nxd4 Rxc1 22. Rxc1 Nc5 23. Qe3 Nd3 24. Qxd3 Rxd4 25. Qg3 Qd8 26. Qf3 h6 27. h3
a5 28. Kh2 Rxf4 29. Qe2 b4 30. Rc6 g6 31. Qb5 Rxf2 32. Kg1 Qd2 33. Rc8+ Kg7 34.
Qb7 Qe1+ 35. Kh2 Qxe5+ 36. Kg1 Qe1+ 0-1